[Event "AUS-ch Major"]
[Site "Cammeray"]
[Date "2018.01.05"]
[Round "5"]
[White "Bierkens, Pieter"]
[Black "Montenegro, Jesson"]
[Result "1-0"]
[WhiteElo "2092"]
[BlackElo "1840"]
[PlyCount "117"]
[EventDate "2018.01.02"]
[EventType "swiss"]
[EventRounds "11"]
[EventCountry "AUS"]
[SourceTitle "CBM 182 Extra"]
[Source "ChessBase"]
[SourceDate "2018.02.23"]
[SourceVersion "1"]
[SourceVersionDate "2018.02.23"]
[SourceQuality "1"]

1. e4 b6 2. Nc3 Bb7 3. Nf3 e6 4. d4 Bb4 5. Bd3 Nf6 6. Qe2 d5 7. exd5 Qxd5 8. 0-0 Bxc3 9. bxc3 0-0 10. c4 Qh5 11. Bb2 Nbd7 12. Rad1 Rfe8 13. Rfe1 Rac8 14. Ne5 Qxe2 15. Rxe2 Nf8 16. Ba3 Ng6 17. g3 Red8 18. Bxg6 hxg6 19. f3 c5 20. Red2 cxd4 21. Rxd4 Rxd4 22. Rxd4 a6 23. g4 g5 24. Kf2 b5 25. c5 Bd5 26. c4 bxc4 27. Nxc4 Bxc4 28. Rxc4 Rc6 29. Bc1 Nd7 30. Bxg5 Rxc5 31. Rxc5 Nxc5 32. Bd2 Nb7 33. Ke3 f6 34. g5 Kf7 35. gxf6 gxf6 36. Bb4 Kg7 37. Ke4 Kg6 38. f4 Nd8 39. Bc5 Nb7 40. Bb4 a5 41. Bd2 a4 42. Bb4 Nd8 43. Bd6 Nc6 44. Kd3 Kf5 45. Kc4 Nd8 46. Kb4 e5 47. fxe5 fxe5 48. Kxa4 Ke6 49. Bc7 Nf7 50. Kb5 Kd7 51. Bb8 Kc8 52. Ba7 Kb7 53. Be3 Nd6+ 54. Kc5 Nf5 55. Bg5 e4 56. Kd5 e3 57. Ke4 e2 58. Bd2 Nh4 59. Ke3 1-0

[Event "AUS-ch Major"]
[Site "Cammeray"]
[Date "2018.01.04"]
[Round "4"]
[White "Zheng, Shucheng"]
[Black "Bierkens, Pieter"]
[Result "0-1"]
[WhiteElo "1879"]
[BlackElo "2092"]
[PlyCount "141"]
[EventDate "2018.01.02"]
[EventType "swiss"]
[EventRounds "11"]
[EventCountry "AUS"]
[SourceTitle "CBM 182 Extra"]
[Source "ChessBase"]
[SourceDate "2018.02.23"]
[SourceVersion "1"]
[SourceVersionDate "2018.02.23"]
[SourceQuality "1"]

1. d4 f5 2. Nf3 Nf6 3. c4 d6 4. Nc3 g6 5. h3 Bg7 6. Bf4 Nh5 7. Bg5 h6 8. Bd2 e5 9. e3 Nc6 10. Be2 0-0 11. Nd5 e4 12. Nh2 Nf6 13. Qc2 Ne7 14. Rc1 c6 15. Nxf6+ Bxf6 16. 0-0 d5 17. cxd5 Nxd5 18. b4 a6 19. a4 Bd7 20. b5 axb5 21. axb5 Kg7 22. Ra1 Qb6 23. Rab1 cxb5 24. Qb3 Nc7 25. Bb4 Rfc8 26. Bc5 Qa6 27. Rfd1 Qa2 28. Qxa2 Rxa2 29. Bf1 Bc6 30. Rdc1 Rca8 31. Bd6 Bd8 32. Bxc7 Bxc7 33. g3 Bd6 34. Bxb5 Bd5 35. Bc4 Bxc4 36. Rxc4 Ra1 37. Rcc1 Rxb1 38. Rxb1 Ra7 39. Nf1 Kf6 40. Nd2 Ke6 41. Nc4 Bc7 42. Rb5 Kd7 43. Kg2 h5 44. g4 hxg4 45. hxg4 f4 46. exf4 Bxf4 47. Ne5+ Bxe5 48. Rxe5 Kd6 49. Rxe4 b5 50. Re8 Rb7 51. Rd8+ Ke7 52. Rh8 Ke6 53. Kf3 b4 54. Ke4 b3 55. Rh1 b2 56. Rb1 g5 57. d5+ Kd6 58. f3 Rb5 59. Kd4 Rxd5+ 60. Ke3 Rb5 61. Kd4 Rb6 62. Ke4 Ke6 63. Kd4 Rb7 64. Ke4 Rb4+ 65. Kd3 Ke5 66. Kc3 Rb5 67. Rxb2 Rxb2 68. Kxb2 Kf4 69. Kc2 Kxf3 70. Kd2 Kxg4 71. Ke2 0-1

[Event "AUS-ch Major"]
[Site "Cammeray"]
[Date "2018.01.03"]
[Round "3"]
[White "Bierkens, Pieter"]
[Black "Davis, Tony J"]
[Result "1/2-1/2"]
[WhiteElo "2092"]
[BlackElo "1902"]
[PlyCount "91"]
[EventDate "2018.01.02"]
[EventType "swiss"]
[EventRounds "11"]
[EventCountry "AUS"]
[SourceTitle "CBM 182 Extra"]
[Source "ChessBase"]
[SourceDate "2018.02.23"]
[SourceVersion "1"]
[SourceVersionDate "2018.02.23"]
[SourceQuality "1"]

1. e4 d6 2. Nc3 Nf6 3. g3 e5 4. Bg2 Be7 5. Nge2 c5 6. d3 h6 7. f4 Nc6 8. 0-0 Rb8 9. h3 b5 10. g4 b4 11. Nd5 Nxd5 12. exd5 Nd4 13. fxe5 dxe5 14. c4 0-0 15. Nxd4 exd4 16. Be4 Bg5 17. Qf3 Rb6 18. Bf5 Bxf5 19. gxf5 Re8 20. Qg3 Bxc1 21. Raxc1 Re3 22. Qg4 Qe7 23. f6 Rxf6 24. Rxf6 Qxf6 25. Rf1 Qg5 26. Qxg5 hxg5 27. Kg2 Rxd3 28. d6 Kf8 29. d7 Ke7 30. Rxf7+ Kd8 31. Rxg7 Rd2+ 32. Kf3 Rxb2 33. Rxg5 Rxa2 34. Rxc5 b3 35. Rb5 Rh2 36. Ke4 Rxh3 37. Kxd4 Kxd7 38. c5 Kc6 39. Rb8 a5 40. Kc4 a4 41. Rb6+ Kc7 42. Kb4 Rh4+ 43. Ka3 Rc4 44. Rb5 Kc6 45. Ra5 Rc2 46. Rxa4 1/2-1/2

[Event "New South Wales op"]
[Site "Sydney"]
[Date "2016.06.12"]
[Round "4"]
[White "Illingworth, Max"]
[Black "Bierkens, Pieter"]
[Result "1-0"]
[WhiteElo "2458"]
[BlackElo "2109"]
[PlyCount "63"]
[EventDate "2016.06.11"]
[EventType "swiss"]
[EventRounds "7"]
[EventCountry "AUS"]
[SourceTitle "CBM 172 Extra"]
[Source "ChessBase"]
[SourceDate "2016.06.21"]
[SourceVersion "1"]
[SourceVersionDate "2016.06.21"]
[SourceQuality "1"]

1. e4 c5 2. Nf3 Nc6 3. Bb5 d6 4. 0-0 Bd7 5. Re1 e6 6. c3 Nf6 7. d4 cxd4 8. cxd4 d5 9. e5 Ne4 10. Bd3 Nb4 11. Bxe4 dxe4 12. Rxe4 Bc6 13. Rg4 h5 14. Rg3 h4 15. Rg4 h3 16. Be3 hxg2 17. Nbd2 f5 18. exf6 gxf6 19. Qe2 Qd5 20. a3 Nc2 21. Ne4 Qf5 22. Rf4 Qh3 23. Qxc2 f5 24. Neg5 Qh6 25. d5 Bxd5 26. Rh4 Qxh4 27. Nxh4 Rxh4 28. Rd1 Rd8 29. Rxd5 Rxd5 30. Qc8+ Rd8 31. Qxe6+ Be7 32. Bc5 1-0

[Event "Continental Class-ch"]
[Site "Arlington"]
[Date "2011.10.09"]
[Round "7"]
[White "Gulamali, Kazim"]
[Black "Bierkens, Pieter"]
[Result "0-1"]
[WhiteElo "2350"]
[BlackElo "2154"]
[PlyCount "88"]
[EventDate "2011.10.06"]
[EventType "swiss"]
[EventRounds "9"]
[EventCountry "USA"]
[SourceTitle "CBM 144 Extra"]
[Source "ChessBase"]
[SourceDate "2011.10.28"]
[SourceVersion "1"]
[SourceVersionDate "2011.10.28"]
[SourceQuality "1"]

1. e4 c5 2. Nf3 Nc6 3. Bb5 d6 4. 0-0 Bd7 5. c3 g6 6. h3 Bg7 7. d4 Qb6 8. Bxc6 Bxc6 9. d5 Bd7 10. Re1 f6 11. c4 Nh6 12. Nc3 Nf7 13. Qe2 0-0 14. Bf4 g5 15. Bc1 g4 16. Nh2 gxh3 17. g4 Bh6 18. Bxh6 Nxh6 19. Nd1 Kh8 20. Ne3 Rg8 21. Kh1 Nf7 22. Rg1 Qb4 23. a3 Qb3 24. a4 Ng5 25. Ra3 Qb4 26. Nf5 Nf7 27. Nxe7 Rge8 28. Qf3 Qxb2 29. e5 Qxe5 30. Re3 Ng5 31. Qe2 Qf4 32. Rgg3 Kg7 33. Nf3 Bxg4 34. Nxg5 Qxg3 35. Ne6+ Kh8 36. f3 Qg2+ 37. Qxg2 hxg2+ 38. Kxg2 Bxf3+ 39. Rxf3 Rxe7 40. Rxf6 Rae8 41. Kh3 Kg8 42. Ng5 Rg7 43. Kh4 Rg6 44. Rf3 Re1 0-1

[Event "Continental Class-ch"]
[Site "Arlington"]
[Date "2011.10.08"]
[Round "4"]
[White "Bierkens, Pieter"]
[Black "Strenzwilk, Denis"]
[Result "1-0"]
[WhiteElo "2154"]
[BlackElo "2017"]
[PlyCount "95"]
[EventDate "2011.10.06"]
[EventType "swiss"]
[EventRounds "9"]
[EventCountry "USA"]
[SourceTitle "CBM 144 Extra"]
[Source "ChessBase"]
[SourceDate "2011.10.28"]
[SourceVersion "1"]
[SourceVersionDate "2011.10.28"]
[SourceQuality "1"]

1. e4 e5 2. Nc3 Nf6 3. f4 d5 4. exd5 e4 5. d3 Bb4 6. Bd2 e3 7. Bxe3 0-0 8. Be2 Nxd5 9. Bd2 Nc6 10. Nxd5 Qxd5 11. Nf3 Bg4 12. 0-0 Rfe8 13. Bxb4 Nxb4 14. c3 Nc6 15. d4 Qe4 16. Bc4 Re7 17. Qd2 Bxf3 18. Rxf3 Rae8 19. Raf1 Na5 20. Bd3 Qd5 21. b3 c5 22. dxc5 Qxc5+ 23. Kh1 Nc6 24. b4 Qb6 25. Bc4 Qc7 26. Bd3 Qd8 27. Qf2 Re6 28. b5 Ne7 29. Qxa7 b6 30. Bc4 Nc8 31. Qa8 R6e7 32. Qd5 Qc7 33. Bb3 Rd8 34. Qg5 Rd6 35. f5 Rf6 36. Rg3 Qxg3 37. Qxg3 Nd6 38. h3 h6 39. Qd3 Kh7 40. Bd5 Ne8 41. c4 Kg8 42. g4 Rd6 43. h4 Red7 44. g5 hxg5 45. hxg5 Nc7 46. Qe4 Nxd5 47. Qe8+ Kh7 48. Rf2 1-0

[Event "World op 31st"]
[Site "Philadelphia"]
[Date "2003.07.06"]
[Round "8"]
[White "Del Mundo, Anton Paolo C"]
[Black "Bierkens, Pieter"]
[Result "1-0"]
[WhiteElo "2224"]
[BlackElo "2230"]
[PlyCount "91"]
[EventDate "2003.06.30"]
[EventType "swiss"]
[EventRounds "9"]
[EventCountry "USA"]
[SourceTitle "EXT 2004"]
[Source "ChessBase"]
[SourceDate "2003.11.25"]
[SourceVersion "1"]
[SourceVersionDate "2003.11.25"]
[SourceQuality "1"]

1. e4 c5 2. Nf3 Nc6 3. Nc3 e5 4. Bc4 d6 5. d3 h6 6. 0-0 Nf6 7. Ne1 Be7 8. g3 Bh3 9. Ng2 Nd4 10. Nd5 0-0 11. c3 Ne6 12. f4 Nc7 13. Nxf6+ Bxf6 14. Qh5 Be6 15. f5 Bxc4 16. dxc4 b5 17. cxb5 d5 18. exd5 Qxd5 19. Ne3 Qe4 20. Qg4 Qxg4 21. Nxg4 Nxb5 22. Nxf6+ gxf6 23. Bxh6 Rfd8 24. Kf2 Rab8 25. Ke2 Nd6 26. b3 c4 27. Rab1 Ne4 28. Rf3 Rd5 29. bxc4 Rxb1 30. cxd5 Rb2+ 31. Kd3 Nd6 32. Rf1 Rxh2 33. Be3 Rxa2 34. Bc5 e4+ 35. Ke3 Nc4+ 36. Kd4 Nd2 37. Rd1 Nb3+ 38. Kc4 Nd2+ 39. Kb5 e3 40. Bxe3 Ne4 41. Rd3 Kf8 42. Bh6+ Ke7 43. Re3 Kd6 44. Rxe4 Kxd5 45. Ra4 Rf2 46. Bf4 1-0

[Event "New York Masters Int 1st"]
[Site "New York"]
[Date "2003.02.10"]
[Round "2"]
[White "Sena, Juan Oscar"]
[Black "Bierkens, Pieter"]
[Result "0-1"]
[WhiteElo "2142"]
[BlackElo "2250"]
[PlyCount "94"]
[EventDate "2003.02.03"]
[EventType "tourn"]
[EventRounds "9"]
[EventCountry "USA"]
[SourceTitle "CBM 092 Extra"]
[Source "ChessBase"]
[SourceDate "2003.03.07"]
[SourceVersion "1"]
[SourceVersionDate "2003.03.07"]
[SourceQuality "1"]

1. e4 c5 2. Nf3 e6 3. d4 cxd4 4. Nxd4 a6 5. Bd3 Bc5 6. Nb3 Be7 7. a4 b6 8. Be3 d6 9. 0-0 Nd7 10. c4 Bb7 11. a5 Ngf6 12. axb6 Nc5 13. e5 Nfd7 14. exd6 Bxd6 15. Na5 Qxb6 16. Nxb7 Qxb7 17. Be2 Qc7 18. h3 Be5 19. Qc2 0-0 20. Nc3 Rab8 21. Rfb1 Rb4 22. Bd2 Rb3 23. Ra3 Rfb8 24. Rxb3 Nxb3 25. Be3 Bd4 26. Qd3 Ndc5 27. Qd1 Bxe3 28. fxe3 Rd8 29. Qe1 Qe5 30. Qf2 g6 31. Rd1 Rxd1+ 32. Bxd1 Nd3 33. Qe2 Nbc5 34. Qd2 Qg3 35. b4 Nxb4 36. Qd8+ Kg7 37. Qd4+ e5 38. Qxc5 Qe1+ 39. Kh2 Qxc3 40. Bf3 Nc2 41. Qe7 Qxe3 42. c5 Nd4 43. Bd5 Qf4+ 44. Kh1 Ne2 45. h4 h5 46. g3 Qf1+ 47. Kh2 Qg1+ 0-1

[Event "Philadelphia National op 33rd"]
[Site "Philadelphia"]
[Date "2002.11.30"]
[Round "4"]
[White "Samuelson, Andrew"]
[Black "Bierkens, Pieter"]
[Result "0-1"]
[WhiteElo "2171"]
[BlackElo "2245"]
[PlyCount "84"]
[EventDate "2002.11.29"]
[EventType "swiss"]
[EventRounds "6"]
[EventCountry "USA"]
[SourceTitle "CBM 091 Extra"]
[Source "ChessBase"]
[SourceDate "2003.01.09"]
[SourceVersion "1"]
[SourceVersionDate "2003.01.09"]
[SourceQuality "1"]

1. e4 c5 2. Nf3 e6 3. d4 cxd4 4. Nxd4 a6 5. Bd3 Bc5 6. Nb3 Be7 7. Nc3 Qc7 8. Be3 b5 9. 0-0 Bb7 10. f4 Nf6 11. Qf3 d6 12. g4 0-0 13. g5 Nfd7 14. Qh5 g6 15. Qh6 f5 16. gxf6 Nxf6 17. Qh3 e5 18. fxe5 dxe5 19. Qe6+ Kg7 20. Qh3 h5 21. Bg5 Nbd7 22. Qh4 Rae8 23. Rad1 Nc5 24. Nxc5 Qxc5+ 25. Kh1 Qb4 26. Bxf6+ Bxf6 27. Qg3 Qd4 28. Rg1 g5 29. Rdf1 Bd8 30. Qh3 Kh6 31. Rxf8 Rxf8 32. Qe6+ Rf6 33. Qg8 g4 34. Nd5 Bxd5 35. exd5 e4 36. Qxd8 exd3 37. cxd3 Qf2 38. Qh8+ Kg5 39. Qg7+ Kh4 40. Rg2 Qf1+ 41. Rg1 Qf3+ 42. Rg2 Kh3 0-1

[Event "Nassau CC-ch"]
[Site "Nassau"]
[Date "1999.12.20"]
[Round "10"]
[White "Bierkens, Pieter"]
[Black "Golder, Louis"]
[Result "1-0"]
[WhiteElo "2154"]
[BlackElo "1952"]
[PlyCount "61"]
[EventDate "1999.10.18"]
[EventType "swiss"]
[EventRounds "10"]
[EventCountry "USA"]
[SourceTitle "EXT 2003"]
[Source "ChessBase"]
[SourceDate "2002.11.25"]
[SourceVersion "1"]
[SourceVersionDate "2002.11.25"]
[SourceQuality "1"]

1. e4 e6 2. d4 d5 3. e5 c5 4. Nf3 cxd4 5. Bd3 Nc6 6. 0-0 Qc7 7. Re1 Bd7 8. Bf4 f5 9. Nbd2 g6 10. Nb3 Bh6 11. Bxh6 Nxh6 12. Nbxd4 a6 13. c4 Nxd4 14. Nxd4 dxc4 15. Rc1 b5 16. Qd2 Nf7 17. b3 Qb6 18. Bf1 cxb3 19. Nxb3 Rd8 20. Qb4 Rb8 21. Nc5 Bc8 22. Nb3 Bb7 23. a4 Bd5 24. axb5 Bxb3 25. Qxb3 axb5 26. Qb4 Nd8 27. Red1 Qb7 28. Qd6 Rc8 29. Rxc8 Qxc8 30. Bxb5+ Kf7 31. Qd7+ 1-0

[Event "Nassau CC-ch"]
[Site "Nassau"]
[Date "1999.12.13"]
[Round "9"]
[White "Bierkens, Pieter"]
[Black "Jarva, Eugene Edward"]
[Result "1-0"]
[WhiteElo "2154"]
[BlackElo "1737"]
[PlyCount "57"]
[EventDate "1999.10.18"]
[EventType "swiss"]
[EventRounds "10"]
[EventCountry "USA"]
[SourceTitle "EXT 2003"]
[Source "ChessBase"]
[SourceDate "2002.11.25"]
[SourceVersion "1"]
[SourceVersionDate "2002.11.25"]
[SourceQuality "1"]

1. e4 g6 2. d4 Bg7 3. Nf3 d6 4. Nc3 Nf6 5. Be3 0-0 6. Qd2 e5 7. 0-0-0 Nc6 8. h3 exd4 9. Nxd4 Bd7 10. Nxc6 Bxc6 11. Bd3 b5 12. Bg5 Qb8 13. Bh6 Re8 14. Bxg7 Kxg7 15. Rhe1 Qb7 16. f3 b4 17. Ne2 d5 18. Ng3 dxe4 19. fxe4 Re5 20. Qf4 Nd7 21. Bc4 f6 22. Rf1 Rf8 23. Qg4 Nc5 24. Bd5 Nxe4 25. Bxe4 Bxe4 26. Rd7+ Kg8 27. Qh4 g5 28. Qh6 Rf7 29. Rd8+ 1-0

[Event "Nassau CC-ch"]
[Site "Nassau"]
[Date "1999.11.08"]
[Round "4"]
[White "Kaplan, Ivan"]
[Black "Bierkens, Pieter"]
[Result "0-1"]
[WhiteElo "1700"]
[BlackElo "2154"]
[PlyCount "88"]
[EventDate "1999.10.18"]
[EventType "swiss"]
[EventRounds "10"]
[EventCountry "USA"]
[SourceTitle "EXT 2003"]
[Source "ChessBase"]
[SourceDate "2002.11.25"]
[SourceVersion "1"]
[SourceVersionDate "2002.11.25"]
[SourceQuality "1"]

1. d4 d5 2. c4 e6 3. a3 c5 4. dxc5 Bxc5 5. b4 Bxf2+ 6. Kxf2 Qf6+ 7. Nf3 Qxa1 8. Qc2 Qf6 9. Bb2 Qg6 10. Qc3 Nf6 11. Nbd2 Ne4+ 12. Nxe4 dxe4 13. Nd2 f6 14. e3 Nc6 15. Qc2 f5 16. b5 Ne7 17. g3 0-0 18. a4 e5 19. Bxe5 Be6 20. Nb3 Rad8 21. Nd4 Qf7 22. Be2 g5 23. Qc3 Ng6 24. Nxe6 Qxe6 25. Bc7 Rd7 26. c5 Qf6 27. Qxf6 Rxf6 28. Ba5 Ne5 29. Bc3 Re6 30. Bd4 Nd3+ 31. Bxd3 exd3 32. Rd1 Rh6 33. Kg2 f4 34. g4 fxe3 35. Bxe3 Re6 36. Bxg5 Rg6 37. Bf4 Rxg4+ 38. Kf3 h5 39. Bd6 Rxa4 40. Rxd3 Rc4 41. Rd5 h4 42. Rh5 Rb4 43. Bb8 Rd3+ 44. Kg2 Rb2+ 0-1